The law reports 2002 : 26 April 2002 : cumlative index (Record no. 102295)
[ view plain ]
| 000 -LEADER | |
|---|---|
| fixed length control field | 00394cam a2200145 4500 |
| 001 - CONTROL NUMBER | |
| control field | J119367 |
| 008 - FIXED-LENGTH DATA ELEMENTS--GENERAL INFORMATION | |
| fixed length control field | 020816n2002 000 0 eng u |
| 035 ## - SYSTEM CONTROL NUMBER | |
| System control number | (Sirsi) u119367 |
| 050 ## - LIBRARY OF CONGRESS CALL NUMBER | |
| Classification number | 348.41047 |
| 110 ## - MAIN ENTRY--CORPORATE NAME | |
| Corporate name or jurisdiction name as entry element | Incorporated Council of Law Reporting |
| 245 #4 - TITLE STATEMENT | |
| Title | The law reports 2002 : 26 April 2002 : cumlative index |
| 260 ## - PUBLICATION, DISTRIBUTION, ETC. | |
| Place of publication, distribution, etc. | London |
| Name of publisher, distributor, etc. | ICLR |
| Date of publication, distribution, etc. | 2002 |
| 300 ## - PHYSICAL DESCRIPTION | |
| Extent | 59p. |
| Dimensions | 25cm. |
| 942 ## - ADDED ENTRY ELEMENTS (KOHA) | |
| Suppress in OPAC | 0 |
No items available.